[Event "10. Sombor open"]
[Site "?"]
[Date "2015.03.23"]
[Round "4"]
[White "Djurosev, Djordje"]
[Black "Cubrilo, Dojcilo"]
[Result "0-1"]
[WhiteElo "1688"]
[BlackElo "1957"]
[PlyCount "57"]

1. e4 e6 2. d4 d5 3. exd5 exd5 4. c4 Nf6 5. Nc3 Be7 6. Nf3 O-O 7. h3 Re8 8. Be3
b6 9. cxd5 Nxd5 10. Be2 Nxe3 11. fxe3 Bh4+ 12. Kd2 Bf2 13. Ne5 Rxe5 14. Kc2 Re8
15. Bf3 c6 16. d5 Bb7 17. e4 cxd5 18. exd5 Na6 19. a3 Qd7 20. Rf1 Bg3 21. Bg4
Qd6 22. Qf3 Re7 23. Rad1 Be5 24. Rfe1 Bxc3 25. Rxe7 Qxe7 26. bxc3 Qxa3 27. Kb1
Rd8 28. c4 Qb4+ 29. Ka1 0-1

[Event "10. Sombor open"]
[Site "?"]
[Date "2015.03.23"]
[Round "4"]
[White "Lalic, Miroslav"]
[Black "Matkovic, Simana"]
[Result "1-0"]
[WhiteElo "1976"]
[BlackElo "1887"]
[PlyCount "107"]

1. e4 c5 2. Bc4 d6 3. Nc3 Nf6 4. Nf3 a6 5. a4 Nc6 6. O-O e6 7. Re1 Qc7 8. d3
Be7 9. h3 O-O 10. Bf4 Nd7 11. Ne2 Bf6 12. c3 Nde5 13. Nxe5 Nxe5 14. Ba2 Nc6 15.
Rc1 Bd7 16. d4 e5 17. Be3 Rfd8 18. Qb3 Be6 19. d5 Na5 20. Qa3 Bd7 21. b4 b5 22.
bxa5 Qxa5 23. Rb1 Be8 24. Bd2 Rdb8 25. Rb3 Qc7 26. Reb1 Bd8 27. R3b2 Bd7 28.
Bb3 Qc8 29. Kh2 Bc7 30. Bc2 Qd8 31. Rb3 Bb6 32. Be3 Be8 33. Qc1 b4 34. cxb4
Bxa4 35. Ra3 Bb5 36. bxc5 Bxc5 37. Bxc5 dxc5 38. Nc3 Qd7 39. Rba1 Qd6 40. Ba4
Bd3 41. Qd2 c4 42. Bc6 Ra7 43. Nb5 Rxb5 44. Bxb5 h6 45. Rxa6 Rxa6 46. Bxa6 Qc5
47. Rc1 Bxe4 48. Rxc4 Qd6 49. Rxe4 f5 50. Ra4 e4+ 51. Kg1 Qb6 52. Qd4 Qb1+ 53.
Bf1 Qb7 54. Ra7 1-0

[Event "10. Sombor open"]
[Site "?"]
[Date "2015.03.23"]
[Round "4"]
[White "Gajcin, Sinisa"]
[Black "Mojzes, Aleksandar"]
[Result "1-0"]
[WhiteElo "1800"]
[BlackElo "1895"]
[PlyCount "47"]

1. e4 c5 2. Nf3 e6 3. d4 cxd4 4. Nxd4 a6 5. Nc3 b5 6. Bd3 Bb7 7. O-O Bc5 8. Nb3
Bb6 9. Qg4 Qf6 10. Bg5 Qg6 11. e5 Nh6 12. Qf4 Nf5 13. Ne4 h6 14. Nd6+ Kf8 15.
Nxb7 hxg5 16. Qb4+ Kg8 17. Nd6 Qh5 18. h3 g4 19. Be2 Ng3 20. Bxg4 Qxe5 21. Rae1
Qxb2 22. Qf4 Nxf1 23. Qxf7+ Kh7 24. Bf5+ 1-0

[Event "10. Sombor open"]
[Site "?"]
[Date "2015.03.23"]
[Round "4"]
[White "Sljukic, Miodrag"]
[Black "Kurcubic, Drago"]
[Result "0-1"]
[WhiteElo "2114"]
[BlackElo "2086"]
[PlyCount "82"]

1. e4 c6 2. d4 d5 3. Nc3 dxe4 4. Nxe4 Nd7 5. Ng5 Ndf6 6. Bc4 e6 7. N1f3 Bd6 8.
Ne5 Nh6 9. Qe2 O-O 10. Bd2 Qc7 11. Ngf3 Nf5 12. c3 Nd5 13. g4 Nfe7 14. O-O-O f6
15. Nd3 Ng6 16. Kb1 Ngf4 17. Nxf4 Bxf4 18. Bxf4 Qxf4 19. h3 Bd7 20. Bb3 Rae8
21. Ne1 Kh8 22. Nd3 Qc7 23. c4 Nf4 24. Qe4 Nxd3 25. Qxd3 Qf4 26. Bc2 f5 27. Qe3
Qxe3 28. fxe3 g6 29. g5 Kg7 30. h4 Rh8 31. b4 h6 32. Kb2 hxg5 33. hxg5 Rxh1 34.
Rxh1 e5 35. d5 f4 36. Rh6 Bf5 37. Bxf5 gxf5 38. exf4 exf4 39. Rf6 f3 40. d6 f2
41. d7 Re2+ 0-1

[Event "10. Sombor open"]
[Site "?"]
[Date "2015.03.23"]
[Round "4"]
[White "Knezevic, Janko"]
[Black "Milivojevic, Milica"]
[Result "0-1"]
[WhiteElo "1890"]
[BlackElo "1742"]
[PlyCount "74"]

1. e4 e5 2. Nf3 Nc6 3. Bb5 a6 4. Ba4 Nf6 5. d3 b5 6. Bb3 d6 7. Bg5 h6 8. Bh4
Be7 9. c3 Bg4 10. Nbd2 Nb8 11. O-O O-O 12. Qc2 Nh5 13. Bxe7 Qxe7 14. Rae1 Nf4
15. Re3 Kh8 16. Rfe1 Qf6 17. h3 Bxh3 18. gxh3 Qg6+ 19. Ng5 Qxg5+ 20. Rg3 Qh5
21. Kh2 c6 22. Nf1 Nd7 23. Ne3 Nf6 24. Qd2 g5 25. Bd1 Qg6 26. Nf5 N6h5 27. Rgg1
Qe6 28. Bg4 Nf6 29. Nxh6 Nxg4+ 30. Nxg4 f5 31. exf5 Qxf5 32. Re3 Kg7 33. Reg3
Rh8 34. Qe3 Rh7 35. f3 Rah8 36. Nf2 Kf6 37. d4 Rxh3+ 0-1

[Event "10. Sombor open"]
[Site "?"]
[Date "2015.03.23"]
[Round "4"]
[White "Gajcin, Marina"]
[Black "Pezelj, Sinisa"]
[Result "1-0"]
[WhiteElo "2148"]
[BlackElo "2191"]
[PlyCount "83"]

1. e4 a6 2. Nf3 b5 3. d4 Bb7 4. Bd3 e6 5. O-O Nf6 6. Qe2 c5 7. c3 d5 8. e5 Nfd7
9. Ng5 g6 10. f4 Be7 11. Be3 c4 12. Bc2 Nf8 13. Nd2 Nc6 14. Rae1 h6 15. Nh3 b4
16. Nf3 Qa5 17. Qd2 Qxa2 18. Ra1 Qxb2 19. Rfb1 Qxc3 20. Qxc3 bxc3 21. Rxb7
O-O-O 22. Rab1 Nd7 23. Ba4 c2 24. Bxc2 a5 25. Ba4 Ndb8 26. Bd2 Bb4 27. Rxf7
Rhf8 28. Rg7 Rg8 29. Rf7 Rgf8 30. Rg7 Rg8 31. Rh7 Rh8 32. Rxh8 Rxh8 33. Be3 Kc7
34. Bc2 Ne7 35. Nh4 Rg8 36. f5 Nxf5 37. Nxf5 gxf5 38. Bxh6 Nc6 39. Be3 Rg4 40.
Rd1 Nxd4 41. Rxd4 Rxd4 42. Bxd4 1-0

[Event "10. Sombor open"]
[Site "?"]
[Date "2015.03.25"]
[Round "5"]
[White "Milivojevic, Milica"]
[Black "Lalic, Miroslav"]
[Result "1/2-1/2"]
[WhiteElo "1742"]
[BlackElo "1976"]
[PlyCount "87"]
[EventDate "2015.??.??"]
[SourceDate "2015.03.26"]

1. e4 e5 2. Nf3 Nc6 3. Bb5 a6 4. Ba4 b5 5. Bb3 d6 6. c3 Na5 7. Bc2 Bg4 8. d3
Be7 9. O-O Nf6 10. Nbd2 O-O 11. h3 Bh5 12. Re1 h6 13. Nf1 Nd7 14. Ng3 Bg6 15.
d4 Nc4 16. a4 c6 17. b3 Ncb6 18. Be3 bxa4 19. bxa4 Nc4 20. Bc1 Qa5 21. Qd3 d5
22. Nd2 exd4 23. cxd4 Bg5 24. Re2 Nxd2 25. Bxd2 Bxd2 26. Qxd2 Qxd2 27. Rxd2
dxe4 28. Bxe4 Bxe4 29. Nxe4 Rfe8 30. Nd6 Re6 31. Nc4 Rb8 32. a5 Rb4 33. Ne3 Rd6
34. Nf5 Rf6 35. g4 h5 36. Rc1 Kf8 37. Ne3 hxg4 38. hxg4 g6 39. Kg2 Rd6 40. Nc4
Rd5 41. Ne3 Rd6 42. Nc4 Rd5 43. Ne3 Rd6 44. Nc4 1/2-1/2

[Event "10. Sombor open"]
[Site "?"]
[Date "2015.03.25"]
[Round "5"]
[White "Milivojevic, Jasmina"]
[Black "Vlaisavljevic, Ilija"]
[Result "1-0"]
[WhiteElo "1927"]
[BlackElo "1915"]
[PlyCount "89"]

1. d4 g6 2. c4 Bg7 3. Nf3 c5 4. d5 d6 5. e4 Bg4 6. Be2 Nd7 7. O-O Nb6 8. Qd3
Nf6 9. Nc3 Nfd7 10. Nd2 Ne5 11. Qe3 h5 12. Kh1 Bh6 13. f4 e6 14. Qf2 Bxe2 15.
Qxe2 Ng4 16. dxe6 fxe6 17. Nf3 O-O 18. g3 Bg7 19. h3 Nh6 20. Be3 Qe7 21. Rad1
Rad8 22. Qd3 d5 23. cxd5 exd5 24. Nxd5 Rxd5 25. exd5 Nf5 26. Bf2 Rd8 27. g4
hxg4 28. hxg4 Rxd5 29. Qc2 Nd4 30. Nxd4 cxd4 31. Qxg6 Rd6 32. Qd3 Rh6+ 33. Kg2
Nd5 34. Bxd4 Bxd4 35. Qxd4 Qe2+ 36. Kg3 Qh2+ 37. Kf3 Qh3+ 38. Ke2 Qg2+ 39. Rf2
Qxg4+ 40. Kd2 Nb6 41. Kc1 Rc6+ 42. Kb1 Qf5+ 43. Ka1 Rg6 44. Qd8+ Kf7 45. Qc7+
1-0

[Event "10. Sombor open"]
[Site "?"]
[Date "2015.03.25"]
[Round "5"]
[White "Gajcin, Sinisa"]
[Black "Sljukic, Miodrag"]
[Result "0-1"]
[WhiteElo "1800"]
[BlackElo "2114"]
[PlyCount "60"]
[SourceDate "2015.04.23"]

1. e4 c6 2. Nf3 d5 3. Nc3 Bg4 4. exd5 cxd5 5. Be2 Nc6 6. d4 Nf6 7. h3 Bh5 8.
Bf4 e6 9. Ne5 Bxe2 10. Kxe2 Qb6 11. Nxc6 bxc6 12. Qd3 Be7 13. Rhb1 a5 14. b3
O-O 15. Na4 Qa7 16. c4 dxc4 17. bxc4 Rad8 18. Rd1 c5 19. Be3 Qb7 20. Kf1 cxd4
21. Bd2 e5 22. Rab1 Qc7 23. Rb5 e4 24. Qc2 Qh2 25. Qb3 d3 26. f3 exf3 27. gxf3
Qxh3+ 28. Kf2 Ng4+ 29. fxg4 Bh4+ 30. Kg1 Qg3+ 0-1

[Event "10. Sombor open"]
[Site "?"]
[Date "2015.03.25"]
[Round "5"]
[White "Glamuzina, Jurica"]
[Black "Knezevic, Janko"]
[Result "1-0"]
[WhiteElo "1917"]
[BlackElo "1890"]
[PlyCount "87"]
[SourceDate "2015.04.23"]

1. e4 c5 2. Nf3 Nc6 3. c3 e6 4. Be2 d6 5. O-O Nf6 6. d3 Be7 7. Re1 O-O 8. Bf1
Nd7 9. d4 cxd4 10. cxd4 d5 11. Nc3 Nb6 12. e5 a6 13. Bd3 Nb4 14. Bb1 f5 15.
exf6 Bxf6 16. Ne2 Nc6 17. Qd3 g6 18. Nf4 Qe7 19. Qb3 Qc7 20. Be3 Nc4 21. Ne2
Qb6 22. Qxb6 Nxb6 23. a3 Nc4 24. b3 Nxe3 25. fxe3 e5 26. Ba2 e4 27. Nd2 Be6 28.
b4 Rad8 29. Nxe4 dxe4 30. Bxe6+ Kg7 31. Rac1 Bg5 32. Rc3 Rd6 33. Ba2 Bf6 34.
Bb1 Re8 35. g3 g5 36. Kg2 h5 37. Rc5 b6 38. Rc4 b5 39. Rc5 a5 40. Rec1 Ne7 41.
Nc3 axb4 42. axb4 Nc6 43. Nxe4 Rxe4 44. Bxe4 1-0

[Event "10. Sombor open"]
[Site "?"]
[Date "2015.03.25"]
[Round "5"]
[White "Pezelj, Sinisa"]
[Black "Cubrilo, Dojcilo"]
[Result "1-0"]
[WhiteElo "2191"]
[BlackElo "1957"]
[PlyCount "83"]
[SourceDate "2015.04.25"]

1. e4 c5 2. Nc3 Nc6 3. Bc4 e6 4. d3 a6 5. a4 Nge7 6. Bg5 Qb6 7. Rb1 Ng6 8. Nge2
Be7 9. Bxe7 Ngxe7 10. f4 d6 11. O-O Qd8 12. Ng3 O-O 13. Nh5 d5 14. Bb3 dxe4 15.
Nxe4 Ng6 16. c3 Qe7 17. Qe2 b6 18. Rf3 Kh8 19. Rbf1 Na5 20. Bc2 Nh4 21. Rg3 Ng6
22. Rh3 f5 23. Ng5 h6 24. Re1 Nxf4 25. Nxf4 Qxg5 26. Qe5 Qf6 27. Qd6 Rd8 28.
Qxb6 Nb7 29. Rg3 g5 30. Nh3 f4 31. Rf3 Rd6 32. Qc7 Rd7 33. Qc6 Re7 34. Nf2 Qf5
35. g4 Qf8 36. Re5 Qd8 37. Qe4 Qg8 38. Rh3 Qg7 39. d4 cxd4 40. cxd4 Rb8 41. Qc6
Rc7 42. Qe8+ 1-0

[Event "10. Sombor open"]
[Site "?"]
[Date "2015.03.25"]
[Round "5"]
[White "Kurcubic, Drago"]
[Black "Gajcin, Marina"]
[Result "1-0"]
[WhiteElo "2086"]
[BlackElo "2148"]
[PlyCount "51"]
[EventDate "2015.??.??"]
[SourceDate "2015.04.26"]

1. e4 c5 2. c3 b6 3. d4 Bb7 4. Bd3 Nf6 5. Qe2 cxd4 6. cxd4 Nc6 7. Nf3 Nb4 8.
Nc3 Nxd3+ 9. Qxd3 g6 10. O-O Bg7 11. Bg5 O-O 12. Qe3 d6 13. Rad1 Re8 14. Rfe1
Qd7 15. Qf4 Rac8 16. Qh4 b5 17. e5 Nd5 18. Ne4 Rc2 19. Bh6 dxe5 20. Bxg7 Kxg7
21. Neg5 h6 22. Nxf7 Qf5 23. Qxh6+ Kg8 24. N7g5 Qf6 25. Qh7+ Kf8 26. dxe5 1-0

[Event "10. Sombor open"]
[Site "?"]
[Date "2015.03.25"]
[Round "5"]
[White "Mojzes, Aleksandar"]
[Black "Sadovski, Nemana"]
[Result "0-1"]
[WhiteElo "1895"]
[BlackElo "1928"]
[PlyCount "60"]

1. e4 b6 2. d4 Bb7 3. Bd3 e6 4. Nf3 d6 5. O-O Nd7 6. c3 g6 7. Re1 Bg7 8. Nbd2
Ne7 9. Nf1 O-O 10. Ng3 c5 11. Bf4 e5 12. dxe5 dxe5 13. Bg5 h6 14. Bxe7 Qxe7 15.
h4 Nf6 16. h5 Rac8 17. hxg6 fxg6 18. Bc4+ Kh7 19. a4 Ne8 20. a5 Nd6 21. Bd5 b5
22. Bxb7 Nxb7 23. Qb3 a6 24. Nf1 Rf4 25. c4 Qf7 26. Ne3 Rxe4 27. Qd3 Rf4 28.
Nd5 bxc4 29. Qd2 Rd8 30. Rad1 Rd4 0-1

[Event "10. Sombor open"]
[Site "?"]
[Date "2015.03.25"]
[Round "5"]
[White "Matkovic, Simana"]
[Black "Bakula, Milan"]
[Result "1-0"]
[WhiteElo "1887"]
[BlackElo "1844"]
[PlyCount "59"]

1. d4 e5 2. dxe5 d6 3. Nf3 Nc6 4. Bg5 Be7 5. Bxe7 Ngxe7 6. exd6 cxd6 7. Nc3 O-O
8. e3 Bg4 9. Be2 Rc8 10. O-O a6 11. a3 Re8 12. Nd4 Bxe2 13. Ncxe2 Nxd4 14. Nxd4
Qb6 15. b3 Rc7 16. e4 Rec8 17. c4 Ng6 18. Re1 Qc5 19. a4 Qg5 20. Re3 Ne5 21.
Rg3 Qf6 22. Nf5 g6 23. Rb1 Rd8 24. Ne3 Rcd7 25. Nd5 Qg7 26. Qd2 Kh8 27. Qg5 h6
28. Rh3 h5 29. Nf6 Rc7 30. Rxh5+ 1-0

[Event "10. Sombor open"]
[Site "?"]
[Date "2015.03.25"]
[Round "5"]
[White "Cetkovic, Andrija"]
[Black "Djurosev, Djordje"]
[Result "1-0"]
[WhiteElo "1717"]
[BlackElo "1688"]
[PlyCount "59"]

1. d4 Nf6 2. c4 e6 3. Nc3 d5 4. Nf3 c5 5. cxd5 exd5 6. Bg5 h6 7. Bf4 c4 8. h3
Bd6 9. Bxd6 Qxd6 10. e3 a6 11. g3 Nc6 12. a3 O-O 13. Bg2 Re8 14. O-O Bf5 15.
Nd2 Qd7 16. Kh2 Be6 17. b3 b5 18. b4 Nh7 19. Qf3 Ng5 20. Qh5 Kh7 21. f4 g6 22.
Qh4 Nxh3 23. Bxh3 Bxh3 24. Qxh3 Qxh3+ 25. Kxh3 Rxe3 26. Nxd5 Nxd4 27. Nxe3 Re8
28. Nd5 Re2 29. Nf3 Nc2 30. Ra2 1-0

[Event "10. Sombor open"]
[Site "?"]
[Date "2015.03.27"]
[Round "6"]
[White "Sadovski, Nemana"]
[Black "Matkovic, Simana"]
[Result "1-0"]
[WhiteElo "1928"]
[BlackElo "1887"]
[PlyCount "117"]
[EventDate "2015.??.??"]
[SourceDate "2015.04.26"]

1. d4 d5 2. c4 e6 3. Nc3 Nf6 4. Bg5 Be7 5. e3 h6 6. Bh4 Ne4 7. Bxe7 Nxc3 8.
Bxd8 Nxd1 9. Bxc7 Nxb2 10. cxd5 exd5 11. Rb1 Na4 12. Rb4 Nb6 13. Bxb6 axb6 14.
Rb2 O-O 15. Ne2 Be6 16. Nc3 Rc8 17. Kd2 Nd7 18. Bb5 Nf6 19. f3 Kf8 20. Na4 Rc7
21. Rc1 Rxc1 22. Kxc1 Ne8 23. Bxe8 Kxe8 24. Nxb6 Ra3 25. Kd2 Kd8 26. e4 Ra5 27.
exd5 Bxd5 28. Nxd5 Rxd5 29. Rxb7 Rxd4+ 30. Kc3 Rf4 31. Rb4 Rf6 32. Rc4 h5 33.
a4 Ra6 34. Kb3 g6 35. Rc5 Re6 36. Rc2 Rb6+ 37. Ka3 Rb1 38. a5 h4 39. h3 Kd7 40.
Ka4 Ra1+ 41. Kb5 Rb1+ 42. Ka6 f5 43. Ka7 Ra1 44. a6 Rb1 45. Ka8 Rb6 46. a7 Rb4
47. Rc5 Rb2 48. Rc4 Rxg2 49. Kb7 Rb2+ 50. Ka6 Ra2+ 51. Kb6 g5 52. Rc5 Rxa7 53.
Kxa7 Ke6 54. Kb6 Kf6 55. Kc6 Kg6 56. Rc4 Kh5 57. Kd5 g4 58. fxg4+ fxg4 59. Rxg4
1-0

[Event "10. Sombor open"]
[Site "?"]
[Date "2015.03.27"]
[Round "6"]
[White "Glamuzina, Jurica"]
[Black "Milivojevic, Jasmina"]
[Result "1-0"]
[WhiteElo "1917"]
[BlackElo "1927"]
[PlyCount "31"]

1. e4 c5 2. Nf3 Nc6 3. c3 d5 4. exd5 Qxd5 5. d4 Bg4 6. Be2 e6 7. h3 Bf5 8. Be3
Bxb1 9. Rxb1 cxd4 10. Nxd4 Nxd4 11. Bxd4 e5 12. Qa4+ Kd8 13. Rd1 Kc8 14. Qe8+
Qd8 15. Bg4+ Kc7 16. Bxe5+ 1-0

[Event "10. Sombor open"]
[Site "?"]
[Date "2015.03.27"]
[Round "6"]
[White "Sljukic, Miodrag"]
[Black "Lalic, Miroslav"]
[Result "1-0"]
[WhiteElo "2114"]
[BlackElo "1976"]
[PlyCount "61"]

1. e4 e5 2. Nf3 Nc6 3. Bb5 a6 4. Ba4 Bc5 5. c3 Nge7 6. O-O O-O 7. d4 Bd6 8. Be3
b5 9. Bc2 Ng6 10. Nbd2 Na5 11. b4 Nb7 12. a4 bxa4 13. Nc4 Qe7 14. Rxa4 exd4 15.
Nxd4 Bf4 16. Qh5 Bxe3 17. Nxe3 Qh4 18. Qxh4 Nxh4 19. Rfa1 c5 20. Nb3 cxb4 21.
cxb4 Nd6 22. Nc5 Re8 23. Nd5 Ra7 24. f4 Ng6 25. Bd3 f6 26. b5 Nb7 27. Nxa6 Nd6
28. Nac7 Rxa4 29. Rxa4 Bb7 30. Nxe8 Nxe8 31. g3 1-0

[Event "10. Sombor open"]
[Site "?"]
[Date "2015.03.27"]
[Round "6"]
[White "Cubrilo, Dojcilo"]
[Black "Cetkovic, Andrija"]
[Result "1-0"]
[WhiteElo "1957"]
[BlackElo "1717"]
[PlyCount "101"]

1. e4 c5 2. c3 d6 3. d4 cxd4 4. cxd4 Nf6 5. Nc3 a6 6. h3 e6 7. Nf3 Be7 8. Bd3
b5 9. O-O Bb7 10. d5 exd5 11. Nxd5 Nxd5 12. exd5 Nd7 13. Bc2 Nf6 14. Bb3 Qd7
15. Qd3 O-O 16. Bg5 Rac8 17. Rac1 Rxc1 18. Rxc1 Rc8 19. Rd1 Rc7 20. Bc2 g6 21.
Bb3 Bc8 22. Be3 Qf5 23. Qe2 Bb7 24. Bb6 Rd7 25. Nd4 Qe4 26. Qxe4 Nxe4 27. Re1
Nf6 28. Nc6 Bf8 29. g4 h6 30. f4 g5 31. fxg5 hxg5 32. Rf1 Bg7 33. Re1 Kh7 34.
Nb8 Bc8 35. Nxd7 Nxd7 36. Be3 Ne5 37. Rc1 Bd7 38. Rc7 f6 39. Kg2 Be8 40. Bc2+
Kg8 41. Bf5 a5 42. Bd4 a4 43. Bxe5 fxe5 44. b3 axb3 45. axb3 Kf8 46. Kf3 Bf6
47. Rc8 Ke7 48. Rb8 Kf7 49. Bg6+ Kxg6 50. Rxe8 Kf7 51. Rb8 1-0

[Event "10. Sombor open"]
[Site "?"]
[Date "2015.03.27"]
[Round "6"]
[White "Pezelj, Sinisa"]
[Black "Kurcubic, Drago"]
[Result "1/2-1/2"]
[WhiteElo "2191"]
[BlackElo "2086"]
[PlyCount "111"]
[SourceDate "2015.04.26"]

1. e4 c6 2. d4 d5 3. Nd2 dxe4 4. Nxe4 Nd7 5. Bg5 Ndf6 6. Nxf6+ Nxf6 7. Nf3 Bg4
8. Bc4 e6 9. c3 Be7 10. O-O O-O 11. Re1 Nd5 12. Bxe7 Qxe7 13. Bxd5 cxd5 14. Qd3
Bxf3 15. Qxf3 Qd6 16. Re3 b5 17. h4 b4 18. h5 bxc3 19. bxc3 h6 20. Qg4 Rfb8 21.
Rg3 Qf8 22. Qf4 Kh8 23. Re1 Rb2 24. a4 Rab8 25. Rf3 Kg8 26. Ree3 Rb1+ 27. Kh2
Ra1 28. Qc7 Rxa4 29. Rxe6 Rc4 30. Qe5 Rxc3 31. Rxc3 fxe6 32. Qxe6+ Qf7 33.
Qxf7+ Kxf7 34. Rc7+ Kf6 35. Rd7 Ra8 36. Rd6+ Kf5 37. f3 Kf4 38. Rxd5 Ke3 39.
Ra5 Kxd4 40. Kg3 Kc4 41. Kf4 Kb4 42. Ra6 Kb5 43. Ra1 a5 44. Kf5 Ra6 45. g4 a4
46. f4 a3 47. g5 a2 48. Rxa2 Rxa2 49. Kg6 hxg5 50. fxg5 Rg2 51. Kxg7 Rxg5+ 52.
Kh6 Rg1 53. Kh7 Kc6 54. h6 Kd7 55. Kh8 Ke7 56. h7 1/2-1/2

[Event "10. Sombor open"]
[Site "?"]
[Date "2015.03.27"]
[Round "6"]
[White "Milivojevic, Milica"]
[Black "Gajcin, Marina"]
[Result "1/2-1/2"]
[WhiteElo "1742"]
[BlackElo "2148"]
[PlyCount "112"]

1. e4 c5 2. Nf3 g6 3. g3 Bg7 4. Bg2 Nc6 5. O-O d6 6. d3 Nf6 7. h3 O-O 8. c3 c4
9. Na3 cxd3 10. Qxd3 a6 11. Be3 Rb8 12. Nd4 Qc7 13. f4 Nxd4 14. Bxd4 b5 15. Nc2
Bb7 16. Be3 Qc4 17. Qxc4 bxc4 18. e5 dxe5 19. fxe5 Ne4 20. Bf4 g5 21. Rfe1 gxf4
22. Bxe4 Bxe4 23. Rxe4 Rxb2 24. Na3 fxg3 25. Rg4 g2 26. Nxc4 Rc2 27. Ne3 Rxc3
28. Nf5 Kh8 29. Nxg7 Rxh3 30. Kxg2 Re3 31. Nf5 Rxe5 32. Nh6 Re6 33. Rh1 f5 34.
Rg5 Ref6 35. Kf3 e6 36. Kf4 Rg6 37. Rxg6 hxg6 38. Nf7+ Kg7 39. Ng5 Rc8 40. Rh7+
Kg8 41. Ke5 Rc2 42. Kf6 Rc6 43. Kxg6 e5+ 44. Kxf5 e4 45. Re7 Rc5+ 46. Kg6 Rc6+
47. Ne6 Rc8 48. Rg7+ Kh8 49. Rh7+ Kg8 50. Re7 e3 51. Nf4 Rc6+ 52. Ne6 Rc8 53.
Rg7+ Kh8 54. Re7 Kg8 55. Nf4 Rc6+ 56. Ne6 Rc8 1/2-1/2

[Event "10. Sombor open"]
[Site "?"]
[Date "2015.03.27"]
[Round "6"]
[White "Knezevic, Janko"]
[Black "Mojzes, Aleksandar"]
[Result "1/2-1/2"]
[WhiteElo "1895"]
[BlackElo "1890"]
[PlyCount "113"]

1. e4 c5 2. Nf3 e6 3. d4 cxd4 4. Nxd4 a6 5. Be2 b5 6. Be3 Bb7 7. Nd2 Nf6 8. Bd3
Nc6 9. c3 Ne5 10. Qc2 Nxd3+ 11. Qxd3 Be7 12. f3 O-O 13. O-O d6 14. Rae1 Qc7 15.
Bf2 Nd7 16. f4 Nc5 17. Qb1 Rac8 18. Re3 d5 19. exd5 Bxd5 20. Rh3 h6 21. Be3 Qb7
22. N4f3 Ne4 23. Nxe4 Bxe4 24. Qe1 b4 25. Rg3 bxc3 26. bxc3 Kh8 27. Nd2 Bh4 28.
Bd4 Bxg3 29. Qxg3 f6 30. Re1 Bf5 31. Qe3 Qb2 32. h3 Qxa2 33. g4 Bc2 34. g5 Qd5
35. h4 Qf5 36. Qxe6 Qxf4 37. gxf6 Qg3+ 38. Kh1 Qxh4+ 39. Kg2 gxf6 40. Kf3 Qh5+
41. Qg4 Qxg4+ 42. Kxg4 Kg7 43. Ra1 Bd3 44. Nb3 Kg6 45. Nc5 Be2+ 46. Kf4 h5 47.
Ne4 Rc6 48. Rg1+ Bg4 49. Nf2 f5 50. Nd3 Re6 51. Ne5+ Kh6 52. Rb1 h4 53. Rb7 h3
54. Kg3 Rg8 55. Be3+ Rg5 56. Nf7+ Kg6 57. Nh8+ 1/2-1/2

[Event "10. Sombor open"]
[Site "?"]
[Date "2015.03.30"]
[Round "7"]
[White "Gajcin, Sinisa"]
[Black "Knezevic, Janko"]
[Result "1-0"]
[WhiteElo "1800"]
[BlackElo "1890"]
[PlyCount "79"]

1. e4 c5 2. Nf3 e6 3. d4 cxd4 4. Nxd4 Nc6 5. Be2 Nf6 6. Nxc6 bxc6 7. Bd3 d5 8.
e5 Nd7 9. Qe2 Nc5 10. O-O a5 11. Re1 Nxd3 12. Qxd3 g6 13. b3 Ba6 14. Qh3 h5 15.
Ba3 Bxa3 16. Nxa3 Qe7 17. Nb1 O-O 18. Nd2 Qc5 19. Rac1 Qd4 20. Rcd1 Qf4 21. Nf3
c5 22. a4 Kg7 23. Kh1 Rh8 24. Ng1 Qxf2 25. Nf3 Qxc2 26. Qg3 h4 27. Nxh4 Rxh4
28. Qxh4 Qf5 29. Rd2 Rh8 30. Qg3 Rh5 31. Rf2 Rg5 32. Qc3 Qg4 33. Qxc5 Rxe5 34.
Rxf7+ Kxf7 35. Qc7+ Ke8 36. Qxe5 Bc8 37. Rf1 Qb4 38. Qf6 Qe7 39. Qxg6+ Kd7 40.
Rf7 1-0

[Event "10. Sombor open"]
[Site "?"]
[Date "2015.03.30"]
[Round "7"]
[White "Kurcubic, Drago"]
[Black "Glamuzina, Jurica"]
[Result "0-1"]
[WhiteElo "2086"]
[BlackElo "1917"]
[PlyCount "90"]

1. e4 d6 2. d4 g6 3. Nc3 Bg7 4. f4 Nf6 5. Nf3 O-O 6. Bd3 Na6 7. O-O c5 8. Bxa6
cxd4 9. Nxd4 bxa6 10. Kh1 a5 11. Qd3 Qb6 12. Be3 Ba6 13. Ndb5 Qc6 14. a4 Bb7
15. Nxa7 Qd7 16. Nab5 Nxe4 17. Nxe4 Qc6 18. Rf2 Qxe4 19. Qxe4 Bxe4 20. c3 Rfc8
21. Bd4 f6 22. Re2 d5 23. Kg1 Kf7 24. b4 Rc6 25. Bc5 Ke8 26. Nd4 Rcc8 27. Ne6
Bh8 28. Bb6 Rxc3 29. Bxa5 Kd7 30. Nd4 e5 31. Nb5 Rc4 32. Rd1 f5 33. Ree1 exf4
34. Rc1 Rac8 35. Rcd1 Rc2 36. Bb6 Rxg2+ 37. Kf1 Rcc2 38. Rxe4 fxe4 39. Rxd5+
Ke7 40. Bc5+ Kf7 41. Rd7+ Kf6 42. Bd4+ Kg5 43. Bxh8 Rcf2+ 44. Ke1 e3 45. Rd5+
Kh6 0-1

[Event "10. Sombor open"]
[Site "?"]
[Date "2015.03.30"]
[Round "7"]
[White "Sadovski, Nemana"]
[Black "Milivojevic, Milica"]
[Result "1-0"]
[WhiteElo "1928"]
[BlackElo "1742"]
[PlyCount "79"]

1. d4 d5 2. c4 e6 3. Nc3 Nf6 4. cxd5 exd5 5. Bg5 Be7 6. e3 h6 7. Bh4 O-O 8. Bd3
Nbd7 9. Nge2 b6 10. O-O Bb7 11. Rc1 a6 12. a3 Ne4 13. Bxe7 Qxe7 14. Nf4 Ndf6
15. Nh5 Rac8 16. Nxf6+ Qxf6 17. Qe2 b5 18. Bxe4 dxe4 19. b4 Qg6 20. Qa2 Kh8 21.
Ne2 Qd6 22. Rc5 c6 23. Re5 Qg6 24. Rc1 Rce8 25. Rcc5 f6 26. Rxe8 Qxe8 27. Nf4
g5 28. Ne2 Bc8 29. Qc2 Bd7 30. Ng3 f5 31. Re5 Qf7 32. Qc5 Re8 33. Rxe8+ Bxe8
34. Nxf5 Kh7 35. Qe5 Bd7 36. Ng3 Be6 37. Qxe4+ Kg8 38. Qxc6 Bd5 39. Qxh6 Qb7
40. Qxg5+ 1-0

[Event "10. Sombor open"]
[Site "?"]
[Date "2015.03.30"]
[Round "7"]
[White "Gajcin, Marina"]
[Black "Sljukic, Miodrag"]
[Result "1/2-1/2"]
[WhiteElo "2148"]
[BlackElo "2114"]
[PlyCount "111"]

1. e4 e5 2. Nf3 Nc6 3. Bc4 Bc5 4. c3 Nf6 5. d3 d6 6. Nbd2 a6 7. Bb3 Ba7 8. O-O
O-O 9. Nc4 h6 10. Ne3 Re8 11. Nh4 Be6 12. Nef5 Kh7 13. Bc2 Ne7 14. Qf3 Nxf5 15.
Nxf5 Ng8 16. d4 Qf6 17. dxe5 dxe5 18. Be3 g6 19. Ng3 Qxf3 20. gxf3 Bxe3 21.
fxe3 Rad8 22. f4 Bc4 23. Rfd1 Nf6 24. b3 Bb5 25. Rxd8 Rxd8 26. Rd1 Rxd1+ 27.
Bxd1 Bd3 28. Bf3 Nd7 29. b4 Kg7 30. Bg4 Nf6 31. Bf3 h5 32. h4 Nd7 33. Be2 Bb1
34. Bc4 c6 35. Kf2 Kf6 36. Ke2 Bc2 37. Kd2 Ba4 38. Ne2 Bb5 39. Bxb5 axb5 40.
Nc1 Ke6 41. Nd3 b6 42. Ne1 Nf6 43. Kd3 Ng4 44. Nf3 f6 45. Nd2 f5 46. Ke2 fxe4
47. Nxe4 Kd5 48. Kd3 c5 49. Ng3 Nf2+ 50. Kc2 Ne4 51. Ne2 Nd6 52. Ng3 exf4 53.
exf4 Nf5 54. Nxf5 gxf5 55. Kd3 Kd6 56. Kd2 1/2-1/2

[Event "10. Sombor open"]
[Site "?"]
[Date "2015.03.30"]
[Round "7"]
[White "Matkovic, Simana"]
[Black "Vlaisavljevic, Ilija"]
[Result "0-1"]
[WhiteElo "1887"]
[BlackElo "1915"]
[PlyCount "164"]

1. d4 c6 2. Nf3 d5 3. Bf4 Bf5 4. Nbd2 e6 5. e3 Nd7 6. Be2 Be7 7. O-O Ngf6 8. h3
O-O 9. Nh4 Ne4 10. Nxf5 exf5 11. Bd3 Kh8 12. c4 Rc8 13. Qe2 Nxd2 14. Qxd2 g6
15. Rac1 dxc4 16. Bxc4 Kg7 17. Rfd1 Nb6 18. Bb3 Nd5 19. Bh2 Bd6 20. Bxd6 Qxd6
21. Bxd5 Qxd5 22. b4 Rfe8 23. Rc5 Qd7 24. Qc3 Kg8 25. Rc1 Rcd8 26. a4 f4 27. b5
fxe3 28. fxe3 cxb5 29. axb5 b6 30. Rc7 Qxb5 31. Rxa7 Qg5 32. Re1 Re7 33. Rxe7
Qxe7 34. e4 b5 35. d5 b4 36. Qc4 Rb8 37. Rb1 Qa7+ 38. Kf1 Qb6 39. Rb3 Kg7 40.
e5 Qb5 41. Qxb5 Rxb5 42. d6 Kf8 43. Kf2 Ke8 44. Kf3 Kd7 45. Kf4 h6 46. h4 Ke6
47. Rd3 Kd7 48. Rb3 f6 49. exf6 Kxd6 50. Ke4 Ke6 51. Rf3 Kf7 52. Rb3 Kxf6 53.
Rf3+ Ke6 54. Rb3 h5 55. g3 Rb6 56. Kd4 Kf5 57. Kd5 Kg4 58. Ke5 Kh3 59. Kf4 Rc6
60. g4+ Kxh4 61. gxh5 Rc4+ 62. Ke5 Kxh5 63. Rh3+ Kg4 64. Rb3 Kh4 65. Kd5 Rf4
66. Ke5 g5 67. Rb1 Kh5 68. Rh1+ Kg6 69. Rb1 Rf5+ 70. Ke6 Rb5 71. Kd6 b3 72. Kc6
Rb4 73. Kc5 Rb8 74. Kd4 b2 75. Ke3 Kf5 76. Kf3 Rb3+ 77. Kf2 Ke4 78. Re1+ Kd3
79. Re3+ Kc2 80. Re2+ Kb1 81. Re8 Ka2 82. Re2 Ka1 0-1